[Event "Interzonal-16"]
[Site "Biel"]
[Date "1993.??.??"]
[Round "5"]
[White "Gurevich, Mikhail"]
[Black "Bareev, Evgeny"]
[Result "1-0"]
[WhiteElo "2605"]
[BlackElo "2660"]
[Annotator "Ftacnik,L"]
[PlyCount "45"]
[EventDate "1993.07.16"]
[EventType "swiss"]
[EventRounds "13"]
[EventCountry "SUI"]
[SourceTitle "CBM 037"]
[Source "ChessBase"]
[SourceDate "1993.12.01"]
[SourceVersion "1"]
[SourceVersionDate "1993.12.01"]
[SourceQuality "1"]

1. d4 d5 2. c4 c6 3. Nc3 Nf6 4. e3 e6 5. Nf3 Nbd7 6. Qc2 Bd6 7. Be2 O-O 8. O-O
Qe7 9. Rd1 dxc4 10. Bxc4 e5 (10... b5 11. Be2 Bb7 12. e4 e5 13. dxe5 Bxe5 14.
Nxe5 Qxe5 15. Be3 Qe7 16. f3 a6 17. a4 Rac8 18. Bf1 Rfd8 19. Ne2 Ne8 20. Nd4
Nd6 21. Nb3 bxa4 22. Na5 Nf8 23. Bc5 Qc7 24. Qxa4 $14 {Mohr,S-Dzhandzhava,L/
New York op (6)/1990/0.5 (46)}) 11. h3 (11. e4 exd4 12. Nxd4 Nb6 13. Be2 Re8
14. Be3 Bd7 15. f3 Rad8 16. Bf1 Nbd5 17. Bf2 Nxc3 18. bxc3 $5 Bc8 19. Rab1 Qc7
20. g3 h5 $1 $15 {Salov,V-Ivanchuk,V/Dortmund/1992/0-1 (38)}) 11... e4 12. Ng5
(12. Nd2 Re8 13. a3 Nb6 14. Be2 Nbd5 15. Nf1 Bf5 16. Re1 Qd7 17. g4 Bg6 18. Kg2
h5 19. gxh5 Nxh5 20. Ng3 Nxg3 21. fxg3 Nxe3+ 22. Bxe3 Qc7 23. Bc4 Bxg3 24. Rf1
$13 {De La Rocha,R-Cid,J/Saragossa Casablanca/1992/0.5 (45)}) 12... Nb6 13. Bb3
Bf5 14. f3 Rae8 (14... Rfe8 15. Ngxe4 Nxe4 16. fxe4 Bxe4 17. Nxe4 Qxe4 18. Qxe4
Rxe4 19. Bc2 Rh4 (19... Ree8 $5) 20. e4 Bf4 21. Kf2 Rd8 22. b3 Bxc1 23. Raxc1
f5 24. d5 $14 {Chernosvitov,A-Paronjan,A/Protvino/1992/1-0 (41)}) 15. Ngxe4
Nxe4 16. fxe4 Bxe4 17. Nxe4 Qxe4 18. Qxe4 Rxe4 19. Bc2 Ree8 20. e4 Rd8 21. Bg5
Rd7 (21... f6 22. Bb3+ Kh8 23. Bh4 Bf4 (23... c5 $6 24. e5 Be7 25. d5 g5)) 22.
Rab1 Re8 23. Kf2 $13 1-0

[Event "Donner Memorial-B"]
[Site "Amsterdam"]
[Date "1994.??.??"]
[Round "9"]
[White "Ligterink, Gert"]
[Black "Pachman, Ludek"]
[Result "1-0"]
[WhiteElo "2430"]
[BlackElo "2340"]
[Annotator "Ftacnik,L"]
[PlyCount "47"]
[EventDate "1994.08.??"]
[EventType "tourn"]
[EventRounds "9"]
[EventCountry "NED"]
[EventCategory "8"]
[SourceTitle "CBM 043"]
[Source "ChessBase"]
[SourceDate "1994.12.01"]
[SourceVersion "1"]
[SourceVersionDate "1994.12.01"]
[SourceQuality "1"]

1. d4 d5 2. c4 c6 3. Nc3 Nf6 4. e3 e6 5. Nf3 Nbd7 6. Bd3 Bb4 7. a3 Ba5 8. O-O
O-O 9. Qc2 dxc4 10. Bxc4 Bc7 11. Ba2 e5 12. Bd2 (12. h3 h6 13. e4 Re8 14. Be3
Nh5 $6 15. Rad1 exd4 16. Bxd4 $1 Qe7 17. e5 $1 Nf8 $2 18. Nb5 $1 Ne6 19. Bxe6
fxe6 $8 20. Nxc7 Qxc7 21. Qg6 Qf7 22. Qxf7+ Kxf7 23. Be3 Rf8 24. Rd4 $18 {
Kasparov,G-Zysk,R/Bruxelles/1987/1-0 (27)}) 12... exd4 (12... Bd6 13. h3 exd4 (
13... Qe7 14. Rae1 g6 15. Ng5 Nb6 16. dxe5 Bxe5 17. f4 Bc7 18. e4 Nc4 19. Bxc4
Qc5+ 20. Be3 Qxc4 21. b3 Qa6 22. e5 Bf5 23. Qf2 h6 24. Nf3 {Olafsson,F-Hermann,
M/Bad Lauterberg/1977/1-0 (37)}) 14. Nxd4 Nb6 15. Rad1 Qe7 16. e4 Qe5 17. Nf3
Qh5 18. Bg5 Be7 19. Ne2 Nfd5 20. Ng3 Qg6 21. Bxe7 Nxe7 22. Ne5 Qf6 23. Nxf7
Ned5 24. exd5 {Furman,S-Kuzmin,G/URS/1973/1-0 (33)}) 13. exd4 Nb6 14. h3 (14.
Bg5 Qd6 15. Rac1 (15. Rfe1 Nbd5 16. Rac1 a6 17. Bh4 Ne7 18. Bg3 Qd8 19. Bxc7
Qxc7 20. d5 Qd6 21. dxc6 Nxc6 22. Rcd1 Qf4 23. Nd5 Nxd5 24. Bxd5 $14 {Donner,
J-Minev,N/Halle(zt)/1963/1-0 (66)}) 15... Nbd5 16. Bxf6 Nxf6 17. Nb5 Qd8 18.
Nxc7 Qxc7 19. Rfe1 Bg4 20. Ne5 Rae8 21. Qc5 Qb6 22. Nxg4 Nxg4 23. Bxf7+ Kxf7
24. Qh5+ {Szabo,L-Evans,L/Dallas/1957/1-0 (64)}) 14... Nbd5 (14... Be6 15. Bxe6
fxe6 16. Rfe1 Qd6 17. Ne4 Nxe4 18. Bb4 Qd5 19. Bxf8 Nxf2 20. Kxf2 Rxf8 21. Qe4
Rf6 22. Qxd5 Nxd5 23. g3 Bb6 24. Kg2 $16 {Taimanov,M-Kotov,A/URS-25ch Riga/
1958/1-0 (68)}) 15. Rfe1 Nf4 $6 (15... Be6 16. Ng5 $140 Qd6 $1) 16. Rad1 N6d5
17. Nxd5 Nxd5 (17... cxd5 18. Qb3 {xd5}) 18. Ng5 $1 g6 (18... Nf6 19. Bb4 Bd6
20. Bxd6 Qxd6 21. Qc5 $16) 19. Ne4 Bf5 20. Bh6 Re8 (20... Bxe4 $8 21. Rxe4 f5
22. Bxf8 fxe4 23. Bc5 $16) 21. Bxd5 cxd5 (21... Qxd5 22. Nf6+ Kh8 23. Nxd5 Bxc2
24. Nxc7 $18) 22. Qxc7 $1 Qxc7 $2 (22... Bxe4 $1 23. Qxb7 $16) 23. Nf6+ Kh8 24.
Rxe8+ (24. Rxe8+ Rxe8 25. Bg7+ $1 Kxg7 26. Nxe8+ $18) 1-0

[Event "Elenite"]
[Site "Elenite"]
[Date "1994.??.??"]
[Round "6"]
[White "Vyzmanavin, Alexey"]
[Black "Georgiev, Kiril"]
[Result "1/2-1/2"]
[WhiteElo "2610"]
[BlackElo "2615"]
[Annotator "Ftacnik,L"]
[PlyCount "73"]
[EventDate "1994.??.??"]
[EventType "tourn"]
[EventRounds "9"]
[EventCountry "BUL"]
[EventCategory "15"]
[SourceTitle "CBM 044"]
[Source "ChessBase"]
[SourceDate "1995.02.01"]
[SourceVersion "1"]
[SourceVersionDate "1995.02.01"]
[SourceQuality "1"]

1. d4 d5 2. c4 c6 3. e3 Nf6 4. Nc3 e6 5. Nf3 Nbd7 6. Qc2 Bd6 7. Bd2 O-O 8. Bd3
dxc4 9. Bxc4 c5 10. O-O a6 11. Bd3 $1 $146 (11. dxc5) 11... Qc7 (11... b5 12.
Ne4 $16) 12. Rac1 c4 $6 (12... b5 13. Ne4 c4 14. b3 $14) (12... b6 13. Ne4 Bb7
14. dxc5 $14) (12... cxd4 13. exd4 $14) 13. Ne4 $1 (13. Be2 b5 $132) 13... Nxe4
(13... cxd3 14. Qxc7 Bxc7 15. Nxf6+ Nxf6 16. Rxc7 $16) 14. Bxe4 Nf6 15. Bd3 b5
16. b3 $1 Bb7 (16... cxd3 17. Qxc7 Bxc7 18. Rxc7 $16) 17. bxc4 bxc4 18. Qxc4
Qd7 19. Ne5 $6 (19. Bb1 Bxf3 20. gxf3 e5 21. Qc6 Qe6 22. dxe5 Qxe5 23. f4 $16)
19... Bxe5 20. dxe5 Rfd8 21. exf6 (21. Ba5 Qd5 (21... Qxd3 $6 22. Bxd8 Qg6 23.
f3 Nd5 24. Bb6 $1 Nxb6 25. Qc7 $18) 22. Qxd5 Rxd5 23. exf6 Rxd3 $14) 21... Qxd3
22. Qg4 $1 g6 (22... Qg6 23. Qxg6 fxg6 24. Bc3 gxf6 25. Bxf6 $16) 23. Bc3 Qf5
24. Qxf5 $6 (24. Qg3 $14) 24... gxf5 25. h4 h5 26. Be5 (26. Bd4 $14) 26... Rd5
27. Bd4 e5 28. Ba1 e4 29. Rc7 Bc8 30. Rfc1 Be6 31. R7c5 $6 Rxc5 32. Rxc5 Rc8
33. Rxc8+ Bxc8 $10 34. Kh2 Kh7 35. Kg3 Kg6 36. Kf4 Be6 37. a3 1/2-1/2

[Event "Interzonal-14c"]
[Site "Zagreb"]
[Date "1987.??.??"]
[Round "16"]
[White "Polugaevsky, Lev"]
[Black "Pinter, Jozsef"]
[Result "1-0"]
[WhiteElo "2595"]
[BlackElo "2575"]
[Annotator "Ftacnik,L"]
[PlyCount "166"]
[EventDate "1987.08.01"]
[EventType "tourn"]
[EventRounds "17"]
[EventCountry "YUG"]
[EventCategory "12"]
[SourceTitle "CBM 004"]
[Source "ChessBase"]
[SourceDate "1988.06.01"]
[SourceVersion "1"]
[SourceVersionDate "1988.06.01"]
[SourceQuality "1"]

1. d4 Nf6 2. c4 e6 3. Nf3 d5 4. Nc3 c6 5. e3 Nbd7 6. Qc2 Bd6 7. Be2 O-O 8. O-O
dxc4 9. Bxc4 e5 10. Bb3 $5 Qe7 11. Bd2 e4 12. Ng5 $1 Bxh2+ (12... Ng4 $2 13. f4
$1 $16) 13. Kxh2 Ng4+ 14. Kg1 Qxg5 15. Qxe4 Ndf6 (15... Ngf6 $5) 16. Qf4 Qxf4
17. exf4 $14 Nh6 (17... Be6 18. f3 Nh6 19. g4 $1 $16) (17... Rd8 $5) 18. d5 $1
$14 (18. f3 Nf5 $10) (18. Rad1 Be6 $10) 18... Bd7 (18... cxd5 19. Nxd5 $1 Nxd5
20. Bxd5 Rd8 21. Rfe1 Kh8 22. Rac1 $1 Be6 (22... Rxd5 23. Re8+ Ng8 24. Be3 $16)
23. Bxb7 $1 Rab8 24. Ba5 $16) (18... Rd8 19. Rfe1 $14) 19. dxc6 Bxc6 20. Rad1
Nf5 21. Bc1 Rad8 22. Rxd8 $1 Rxd8 23. f3 $14 h5 (23... Kf8 $5) 24. Kf2 Kf8 (
24... g6 $5) 25. Bc2 Nd4 (25... g6 $5) 26. Rd1 Ke7 27. Bb1 b6 $6 (27... Nb5 $1)
28. f5 $1 $16 Nb5 29. Rxd8 Kxd8 30. Ne2 $1 Nd6 31. Bg5 Nde8 32. Ke3 $6 (32. Kg3
$1 {/\ Kh4, Nf4+-}) 32... Kd7 33. Kd4 Nd5 34. a3 (34. Ng3 $1 h4 (34... f6 35.
Bd2 $16) (34... Nef6 35. a3 $16) 35. Nh5 $16) 34... f6 35. Bd2 Nd6 36. Ng3 Ne7
$1 37. Bf4 Nb5+ 38. Kc4 h4 39. Nh5 Nd5 40. Bd2 Nd6+ (40... Kd6 41. Be4 $1 (41.
Nxg7 Ke5 $1 $13) 41... Ke5 42. Kd3 $1 $18) 41. Kd4 Ne8 42. Be1 (42. Ba2 Ne7 43.
Be6+ Kd8 44. Ke3 Bb5 $1 45. Be1 Bf1 46. Kf2 Bd3 $10) 42... h3 43. gxh3 Ne7 44.
Be4 Bb5 45. h4 Nc6+ 46. Ke3 $6 {/\ Kc3!+/-} Bc4 $1 47. Bc3 Bf7 48. Ng3 Ne7 49.
Kf4 Nd6 50. Kg4 Ng8 $1 51. Bd3 Nh6+ 52. Kf4 Ng8 53. Ne4 Ne7 54. Kg4 Nd5 (54...
Nexf5 55. Nxf6+ gxf6 56. Bxf5+ Nxf5 57. Kxf5 Ke8 58. Kxf6 Kf8 59. Bd4 $1 $16)
55. Bd2 Ke7 56. Nc3 Nxc3 57. Bxc3 Bd5 58. Kf4 Kf7 59. Ke3 Ke7 60. Bc2 Kd7 61.
Ba4+ Ke7 62. Kf4 Bc4 63. Bc6 Bd3 64. Bb4 Bc4 $6 (64... a5 $1 65. Be1 Kd8 $1)
65. a4 $1 $16 Bb3 66. a5 Bc4 67. axb6 axb6 68. Ke3 Ba2 69. Kd4 Bb3 70. Kc3 Bg8
71. Kd4 Bb3 (71... Bh7 $2 72. Bb5 $1 Bxf5 73. Kd5 Be6+ 74. Kc6 Bd7+ 75. Kxb6
Bxb5 76. Bxd6+ $18) 72. Kd3 Bc4+ 73. Ke3 Bb3 74. Kd4 Bc2 $2 (74... Bg8 75. Bd5
$18) (74... Bd1 $1 75. Bd5 $1 Kd7 76. Be6+ Kc6 77. Ke3 $16) 75. Be4 Bb3 (75...
Bd1 76. Kd5 $18) 76. Bd5 Bc2 77. Be6 $18 Bd1 78. Ke3 Ba4 79. Kf4 Bc6 80. Kg4
Ba4 81. h5 Be8 82. Kh4 Bc6 (82... Bd7 83. Bxd6+ Kxd6 84. Bxd7 Kxd7 85. h6 gxh6
86. Kh5 $18) 83. h6 gxh6 (83... gxh6 84. Kh5 Bxf3+ 85. Kxh6 Be4 86. Kg6 {
/\ Bd6+-}) 1-0

[Event "RUS-ch"]
[Site "Elista"]
[Date "1996.??.??"]
[Round "3"]
[White "Dreev, Alexey"]
[Black "Galkin, Alexander"]
[Result "1-0"]
[WhiteElo "2645"]
[BlackElo "2425"]
[Annotator "Ftacnik,L"]
[PlyCount "67"]
[EventDate "1996.10.15"]
[EventType "swiss"]
[EventRounds "11"]
[EventCountry "RUS"]
[SourceTitle "CBM 056"]
[Source "ChessBase"]
[SourceDate "1997.02.01"]
[SourceVersion "1"]
[SourceVersionDate "1997.02.01"]
[SourceQuality "1"]

1. d4 d5 2. c4 c6 3. e3 Nf6 4. Nc3 e6 5. b3 Nbd7 6. Bb2 b6 7. Bd3 Bb7 8. Nf3
Be7 9. O-O O-O 10. Qe2 c5 11. Rad1 (11. Rfd1 $5) 11... Qc7 (11... Ne4 12. Ne5 (
12. dxc5 Nxc3 13. Bxc3 bxc5 14. cxd5 exd5 15. Ba6 Bc6 16. Bb5 Bb7 17. e4 Bf6
18. Bxf6 Nxf6 19. exd5 Nxd5 20. Qe5 Qa5 21. Bc4 Nf6 22. Ng5 Rae8 23. Qf4 h6 24.
Nxf7 Ba6 25. Nd6+ {1-0 Euwe,M-Winter,W/Nottingham/1936/}) 12... Nxe5 13. dxe5
Nxc3 14. Bxc3 Qc7 15. cxd5 Bxd5 16. f4 f5 17. e4 fxe4 18. Bxe4 Bxe4 19. Qxe4
Rad8 20. Qc4 Qc6 21. Rxd8 Rxd8 22. f5 {1-0 Luckis,M-Bauza,L/Mar del Plata zt 
(14)/1951/ (35)}) (11... cxd4 12. exd4 Rc8 (12... Re8 13. Ne5 Bd6 (13... Bf8
14. f4 g6 15. cxd5 Nxd5 16. Nxd5 Bxd5 17. Bb5 Nxe5 18. Bxe8 Nc6 19. Bxc6 Bxc6
20. d5 Bxd5 21. Qe5 f6 22. Qxf6 {1-0 Guimard,C-Balparda,J/Carrasco (02)/1938/ 
(42)}) 14. f4 dxc4 15. bxc4 Re7 16. g4 Nf8 17. g5 N6d7 18. Ne4 Bc7 19. Qh5 f5
20. gxf6 Nxf6 21. Nxf6+ gxf6 22. Ng4 Rg7 23. Kf2 Bxf4 24. Rg1 f5 {1-0 Matthaei,
A-Bach,N/Porz op (03)/1993/ (40)}) (12... Bb4 13. a3 Bxc3 14. Bxc3 Ne4 15. Bb2
f5 16. Ne1 Rf6 17. f3 Ng5 18. Nc2 Rg6 19. Bc1 Kh8 20. Rde1 Qf6 21. cxd5 Bxd5
22. Bc4 {1-0 Eliskases,E-Szily,J/Stuttgart (10)/1939/ (31)}) (12... dxc4 13.
bxc4 Qc7 14. d5 Nc5 15. d6 Bxd6 16. Nb5 Bxf3 17. Qxf3 Bxh2+ 18. Kh1 Qf4 19.
Bxf6 Nxd3 20. Rxd3 gxf6 21. Qh3 Rad8 22. Rf3 Qxc4 23. Kxh2 Qxf1 24. Rg3+ {
1-0 Najdorf,M-Primavera,G/Venice/1948/}) (12... Nh5 13. Qe3 Re8 14. Ne2 g6 15.
Ne5 Nxe5 16. dxe5 Bc5 17. Bd4 Qe7 18. cxd5 exd5 19. Bb5 Red8 20. Ng3 Ng7 21. f4
Ne6 22. Bxc5 Qxc5 23. Qxc5 bxc5 {Kramer,H-Aloni,I/Helsinki olm/1952/0-1 (56)})
13. Ne5 g6 14. f4 Re8 15. Qe3 dxc4 16. bxc4 Bf8 17. Kh1 a6 18. Qh3 Qe7 19. a3
Red8 20. Rfe1 Nh5 21. Ne2 Ndf6 22. Qe3 Bh6 23. Kg1 {1-0 Zuckerman,B-Gliksman,
Dav/New York op (08)/1985/ (32)}) (11... Qb8 12. Ne5 a6 13. f4 Qc7 14. f5 Bd6
15. fxe6 fxe6 16. Nxd7 Qxd7 17. dxc5 bxc5 18. e4 dxc4 19. Bxc4 Qc7 20. Bxe6+
Kh8 21. h3 {1-0 Vinuesa,J-Charlier,R/Mar del Plata (09)/1936/ (31)}) (11... a6
12. Ne5 Qc7 13. f4 Rad8 14. Kh1 Ne4 15. cxd5 exd5 16. Bxa6 Bxa6 17. Qxa6 Nxc3
18. Bxc3 Nf6 19. Qb5 {1-0 Guimard,C-Gudmundsson,J/Buenos Aires ol prel-C (02)/
1939/ (35)}) (11... Re8 12. Ne5 Nxe5 13. dxe5 Nd7 14. f4 d4 15. exd4 cxd4 16.
Nb5 Nf8 17. Nxd4 Bc5 18. Kh1 Qh4 19. Be4 Bxe4 20. Qxe4 {Kozma,J-Hofmann,V/
CSR-ch Bratislava (05)/1959/1/2-1/2 (59)}) (11... Rc8 12. Ne5 g6 13. f4 Qc7 14.
cxd5 exd5 15. Qf3 c4 16. Bb1 b5 17. Nxb5 Qa5 18. bxc4 Rxc4 19. Ba3 Nxe5 20.
fxe5 Bxa3 21. Nxa3 Qxa3 22. exf6 {1-0 Marcus,J-Raaste,E/WchJT U26 Graz (01)/
1972/ (27)}) 12. Rc1 {Ftacnik: One of the most difficult problems in chess is
the correct location for two rooks on potentially open files. White admits
having made a mistake only a move ago. Ftacnik: Eine der schwierigsten
Aufgaben im Schach besteht darin, die korrekte Plazierung von zwei Türmen auf
potenziell offenen Linien zu finden. Weiß gibt zu, daß er nur einen Zug zuvor
einen Felhler gemacht hat.} (12. Nb5 Qb8 13. Ne5 a6 14. Nxd7 Nxd7 15. Nc3 cxd4
16. exd4 Nf6 17. Na4 Qd8 18. c5 Nd7 19. b4 a5 20. b5 bxc5 21. dxc5 Nxc5 22.
Nxc5 Bxc5 23. Qe5 Qf6 24. Qxf6 gxf6 25. Bxf6 {1-0 Andersen,E-Erdelyi,S/Prague
ol (09)/1931 (31)}) (12. Ne5 Rad8 (12... cxd4 13. exd4 Rad8 14. f4 g6 15. Bb1
Rfe8 16. Rd3 Nf8 17. Rg3 a6 18. h4 N6d7 19. h5 Bf6 20. cxd5 exd5 21. hxg6 fxg6
22. Nd1 Bg7 23. Ne3 {1-0 Bogoljubow,E-Spielmann,R (10)/Semmering m/1932 (29)})
(12... Nxe5 13. dxe5 Ne4 14. Qg4 Nxc3 15. Bxc3 Rad8 16. f4 d4 17. exd4 cxd4 18.
Bd2 f5 19. exf6 Rxf6 20. Rde1 Bc8 21. h4 Rdf8 22. h5 Bd6 23. g3 Qf7 24. Qe2 {
1/2-1/2 Gill,N-Gayson,P/Isle of Man op (07) ;EXT 94op 1994}) 13. f4 (13. Nxd7
Rxd7 14. cxd5 Nxd5 15. dxc5 Nxc3 16. Bxc3 Bxc5 {1/2-1/2 Lengyel,Le-Tompa,J/
HUN-ch ;MCD-ch 1970}) 13... Ne4 14. cxd5 (14. Nb5 Qb8 15. Nxd7 Rxd7 16. dxc5
Nxc5 17. Bxh7+ Kxh7 18. Qh5+ Kg8 19. Bxg7 f5 20. Be5 Bf6 21. Bxb8 {1-0 Junge,
K-Kottnauer,C/Prague (08)/1942 (32)} (21. Bxb8 {Ftacnik} Rh7 22. Qe2 {1-0
Junge,K-Kottnauer,C/Prague (08)/1942/ (32)})) (14. Bxe4 dxe4 15. Nb5 Qb8 16. d5
Nf6 17. dxe6 fxe6 18. Ng4 a6 19. Be5 Qc8 20. Bd6 Bxd6 21. Nxd6 Qc7 22. Nxf6+
Rxf6 23. Nxb7 Rxd1 24. Rxd1 Qxb7 25. Qh5 Qc6 26. Qe5 {1-0 Polgar,Zsu-Denker,A/
New York op (01)/1989 (30)}) 14... exd5 15. Nb5 Qb8 16. Nxd7 Rxd7 17. dxc5 Nxc5
18. Bf5 Qe8 19. Bxg7 Ne6 20. Qh5 {1-0 Toran Albero,R-Bauza,L/Montevideo (07)/
1954}) 12... Rad8 13. cxd5 (13. Rfd1 cxd4 14. exd4 Qb8 $13) 13... exd5 (13...
Nxd5 14. Nxd5 exd5 15. Qc2 h6 $13) 14. Rfd1 Qb8 15. Qc2 Rfe8 16. Qb1 a6 (16...
Bd6 17. Nb5 $14) (16... Bf8 17. Ne2 (17. Ng5 g6 $13) 17... Ne4 18. Ng3 Ndf6 $14
) 17. Ne2 Ne4 $1 (17... Bf8 18. Ng3 Ne4 19. dxc5 bxc5 20. Bxe4 dxe4 21. Ng5 $16
) 18. Ng3 Ndf6 (18... Nxg3 19. hxg3 g6 20. a4 $14) 19. a4 Bf8 (19... Nxg3 20.
hxg3 Ne4 21. a5 bxa5 22. Qa1 $36) 20. a5 $1 {Ftacnik: Ftacnik: Dreev
understands correctly, that his chances are connected with breaking of b6-c5
pawn chain. Dreev versteht ganz richtig, daß seine Chancen mit der Zerstörung
der Bauernkette b6-c5 verbunden sind.} Ng4 (20... bxa5 21. dxc5 Bxc5 22. Bxf6
gxf6 23. Nh5 $40) 21. Rf1 Qd6 (21... bxa5 22. dxc5 Bxc5 23. Bxe4 (23. Rxc5 Nxc5
24. Bxh7+ Kh8 25. Qf5 $40) 23... dxe4 24. Rxc5 exf3 25. Rg5 Ne5 26. Nh5 Ng6 (
26... fxg2 27. Rxg7+ Kf8 28. Ba3+ Re7 29. Rxg2 Nf3+ 30. Kh1 Nh4 31. f3 Nxf3 32.
Nf6 Nh4 33. Qxh7 Bxg2+ 34. Kg1 $18) 27. gxf3 f6 (27... Bxf3 28. Nxg7) 28. Bxf6
$1 gxf6 29. Rxg6+ $18) 22. axb6 Qh6 (22... Qxb6 23. h3 (23. Ba3 Qh6 24. Nf5 (
24. Bxc5 $4 Nd2 $1 $19) 24... Qh5 25. h3 Ngf6 $15) (23. Bc2 Qe6 $10) 23... Nxe3
(23... Nxg3 24. Bxh7+ Kh8 25. fxg3 Nxe3 26. Ng5 $16) 24. fxe3 Nxg3 25. Bxh7+
Kh8 26. Ng5 f5 27. Rxf5 Nxf5 28. Qxf5 $16) 23. Nf5 (23. dxc5 $4 Nd2 $19) 23...
Qh5 24. h3 (24. Ng3 Nxg3 25. hxg3 c4 26. Bf5 cxb3 27. Rc3 $14) 24... Qxf5 (
24... Ngxf2 25. Rxf2 Qxf5 26. dxc5 Qh5 27. Rfc2 (27. c6 Nxf2 28. Kxf2 Qh6 29.
cxb7 Qxe3+ 30. Kf1 Qxb6 31. Bxh7+ Kh8 32. Qf5 $18) (27. Bxe4 dxe4 28. Nd4 (28.
Ne5 Bxc5 29. g4 Qxh3 30. Rxc5 f6 $40) 28... Bxc5 29. Rf5 Qh6 30. Rfxc5 Qxe3+
31. Kh1 Rxd4 32. Bxd4 Qxd4 33. Qa1 $14) 27... Bxc5 28. Rxc5 Nxc5 29. Rxc5 Rxe3
30. Rc7 Rb8 31. Qf1 $16) 25. dxc5 $3 {Ftacnik: Two connected passed pawns are
usually not so strong with so many pieces on the board. Ftacnik: Zwei
verbundene Freibauern sind nicht so stark, wenn noch so viele Figuren auf dem
Brett stehen.} (25. hxg4 $5 Qxg4 26. dxc5 Bxc5 (26... Nxc5 27. Bxh7+ Kh8 28.
Ne5 Qh5 29. Bg6 fxg6 30. Nxg6+ Kg8 31. Nxf8 Rd6 32. Rxc5 Rh6 33. f3 Qh2+ 34.
Kf2 $18) 27. Ne5 Rxe5 28. Bxe5 Bxb6 29. Bc7 $16) 25... Ngf6 (25... Ngxf2 26.
Rxf2 Qh5 27. c6 $16) 26. c6 Qe6 (26... Bc8 27. b7 Be6 28. c7 $18) 27. Nd4 (27.
cxb7 Qxb6 $16) 27... Qd6 (27... Qe7 28. cxb7 Qxb7 29. Rfd1 $16) 28. Qa1 $1 (28.
cxb7 Qxb6 (28... Nd2 29. Qa2 Nxf1 30. Bxf1 Qxb6 31. Nc6 Rd7 32. b8=Q Rxb8 33.
Nxb8 Qxb8 34. Bxf6 gxf6 35. Qxa6 $16)) 28... Bc8 29. b7 Bxh3 (29... Bxb7 30.
cxb7 Rb8 (30... Nc5 31. Nf5 Qe6 32. Bxf6 gxf6 33. Qd4 Nxb7 34. Qg4+ Kh8 35. Qh4
$18) 31. Qxa6 $18 (31. Bxa6 $18)) 30. gxh3 Re5 (30... Nxf2 31. Nf5 Nxh3+ 32.
Kg2 Qb4 33. c7 Qg4+ 34. Kh2 Qh5 35. Bxf6 Ng5+ 36. Kg2 Qg4+ 37. Kf2 gxf6 38.
cxd8=Q $18) 31. Nf3 (31. c7 $6 Rg5+ 32. Kh1 Rh5 $1 (32... Ng3+ 33. fxg3 Qxg3
34. Rc2 Rh5 35. Bf5 $18) 33. Kg2 (33. c8=Q Nd7 34. Nf3 Rxh3+ 35. Kg2 Qg6+ 36.
Kxh3 Qf5+ 37. Kh2 Qh5+ $10) 33... Ng4 (33... Rxh3 34. Kxh3 Qd7+ 35. Kh2 Qg4 36.
c8=Q Nd7 37. Bxe4 Qh4+ 38. Kg1 dxe4 39. Nf5 $18) 34. cxd8=Q Nxe3+ (34... Qh2+
35. Kf3 Rxh3+ 36. Ke2 Rxe3+ 37. Kd1 Ngxf2+ 38. Rxf2 Nxf2+ 39. Kc2 Nxd3+ 40. Kb1
$18) 35. Kf3 Qxd8 36. Rc8 $18) 31... Rf5 (31... Re7 32. Ba3 Qc7 33. Bxe7 Bxe7
34. Qxa6 $18) 32. c7 Re8 (32... Rxf3 33. Be5 $1 $18 (33. cxd8=Q $2 Rg3+ 34.
fxg3 Qxg3+ $10) (33. c8=Q $18)) 33. c8=Q Rxf3 34. b8=Q (34. b8=Q Qxb8 35. Qxb8
Rxb8 36. Kg2 $18) (34. Bxf6 Nxf6 35. b8=Q $18) 1-0

[Event "Vidmar Memorial 15th"]
[Site "Terme Zrece"]
[Date "2003.08.24"]
[Round "7"]
[White "Beliavsky, Alexander G"]
[Black "Pavasovic, Dusko"]
[Result "1-0"]
[WhiteElo "2668"]
[BlackElo "2596"]
[Annotator "Ftacnik,L"]
[PlyCount "113"]
[EventDate "2003.08.17"]
[EventType "tourn"]
[EventRounds "9"]
[EventCountry "SLO"]
[EventCategory "12"]
[SourceTitle "CBM 097"]
[Source "ChessBase"]
[SourceDate "2003.11.11"]
[SourceVersion "1"]
[SourceVersionDate "2003.11.11"]
[SourceQuality "1"]

1. d4 d5 2. c4 e6 3. Nc3 c6 4. e3 Nf6 5. Nf3 Nbd7 6. Qc2 Bd6 7. Be2 O-O 8. O-O
dxc4 9. Bxc4 b5 10. Be2 Bb7 11. Rd1 Qc7 12. Bd2 Rfe8 13. Rac1 a6 14. b4 e5 15.
h3 h6 {Both players have finished development and despite fixed nature of the
c6 pawn black should have enough piece activity for the equalizing of chances.}
(15... e4 16. Ng5 Bxb4 17. Qb3 Nf8 18. Qxb4 h6 19. Ncxe4 Nxe4 20. Nxe4 Rxe4 21.
Bf3 Re6 22. d5 {1-0 Timoscenko,G-Schoeppl,E/Oberwart 2003/ (28)}) 16. a3 exd4 (
16... e4 17. Nh4 g6 18. Qb3 Kg7 19. Rf1 $11) 17. exd4 (17. Nxd4 c5 18. Nf5 Bf8
19. bxc5 Qxc5 $15) 17... Nb6 (17... Qb8 18. Bd3 a5 $11) 18. Re1 (18. Bd3 Re7
19. Re1 Rae8 20. Rxe7 Rxe7 21. Ne2 Nbd5 22. Nh4 $14) 18... Nbd5 $6 (18... Re6
$5 19. Bd3 Rae8 20. Rxe6 Rxe6 21. Ne5 Bxe5 22. dxe5 Qxe5 23. Bf5 Re8 24. Re1
Qc7 $11) 19. Nxd5 Nxd5 20. Bd3 a5 (20... Rad8 21. Bh7+ Kh8 22. Be4 $14) 21.
Bh7+ Kh8 22. Be4 Nb6 {Pavasovic was surely feeling the pinch of unpleasant
white's threats.} (22... axb4 23. Bxd5 Rxe1+ 24. Nxe1 bxa3 (24... cxd5 25. Qxc7
Bxc7 26. Rxc7 bxa3 27. Rxb7 a2 28. Nc2 $18) 25. Ba2 $18) (22... Qd8 $1 23. bxa5
Bxa3 24. Rb1 $14) (22... Nf6 23. Bxc6 Rxe1+ 24. Nxe1 axb4 25. axb4 $16) 23.
bxa5 (23. Bxc6 Rxe1+ 24. Nxe1 axb4 25. Qe4 Bxc6 26. Rxc6 Qe7 27. Qxe7 Bxe7 28.
Bxb4 Bxb4 29. axb4 Nc4 30. Rc5 Nd6 $16) 23... Nc4 24. Bb4 Nxa3 (24... Nxa5 25.
Bd3 $16) (24... Qd8 25. Bd3 Rxe1+ 26. Rxe1 $16) 25. Bxd6 Qxd6 (25... Nxc2 26.
Bxc7 Nxe1 27. Rxe1 $18) 26. Qb3 Re7 (26... Nc4 27. Rxc4 bxc4 28. Qxb7 f5 29.
Ne5 Qxd4 30. Bxf5 $18) (26... Rxa5 27. Qxf7 Rb8 28. Bd3 Qf8 29. Qg6 Qg8 30. Ne5
$18) 27. Bd3 {Black is suddenly exposed on both flanks, his pieces are not
cooperating harmoniously.} Nc4 (27... Rxa5 28. Rxe7 Qxe7 29. Re1 Qf8 30. Ne5
Kg8 31. Bg6 Nc4 32. Bxf7+ $18) (27... Rxe1+ 28. Rxe1 Kg8 29. Ne5 $18) 28. Rxe7
Qxe7 29. Re1 Qc7 (29... Qd7 30. Bxc4 bxc4 31. Qxc4 c5 32. Ne5 Qxd4 33. Nxf7+
Kh7 34. Qc2+ Kg8 35. Qg6 $16) 30. Bxc4 bxc4 31. Qxc4 Rxa5 (31... Ba6 32. Qb4
Bb5 33. Ra1 $16) 32. Re8+ Kh7 33. Ne5 (33. Qd3+ $5 g6 34. Qe3 Kg7 (34... c5 35.
Ne1 Bc6 36. Re7 Qd6 37. Rxf7+ Kg8 38. dxc5 Rxc5 39. Re7 $18) 35. Re7 Ra1+ 36.
Ne1 Qa5 37. Kh2 (37. d5 Rxe1+ 38. Qxe1 Qxe1+ 39. Rxe1 cxd5 40. f4 $16) 37...
Ba6 38. Nf3 $16) 33... Ra1+ 34. Kh2 Ra8 (34... f6 $2 35. Qg8#) (34... Ra5 35.
g3 Rd5 36. Qd3+ g6 37. Qe3 Kg7 38. Ng4 g5 39. Re7 $18) 35. Rxa8 Bxa8 36. Qxf7
Qxf7 (36... Qd8 37. Qg6+ Kg8 38. f4 Qc8 (38... Qxd4 39. Qe8+ Kh7 40. Ng6 Qd2
41. Nf8+ Kg8 42. Ne6+ Kh7 43. Qxa8 $18) 39. Qf7+ Kh7 40. f5 $18) 37. Nxf7 {
[%mdl 4096] The endgame of light pieces is very unpleasant for the defender,
even though white still has to overcome certain resistance.} Kg6 38. Nd6 Kf6
39. g4 g6 (39... Ke6 40. Nf5 g6 41. Ne3 (41. Nxh6 Kd5 42. h4 Kxd4 43. h5 gxh5
44. gxh5 Ke5 45. Ng4+ $16) 41... Bb7 42. f4 $16) 40. Kg3 Ke6 41. Nc4 Bb7 (41...
Kd5 42. Nb6+ Kxd4 43. Nxa8 c5 44. Nb6 $18) 42. Ne3 Ba6 43. h4 Be2 44. Kf4 Bd3
45. Kf3 Kf6 46. Ng2 $1 {A fine manouver of the knight, white gets the chance
to regroup with a full comfort.} Bc2 (46... g5 47. h5 $18) 47. Ke3 Bd1 48. f3
Bb3 49. Ne1 (49. Nf4 g5 $16) 49... g5 50. h5 Ke6 51. Nd3 Bd1 52. Nf2 Bc2 53.
Ne4 Bd1 54. Nc3 Bc2 55. Kd2 Bb3 56. Ne4 Bc4 57. Ng3 1-0